Stranger Things - Mort subite - Statistiques

Statistiques générales
  • Ce quiz a été pris 606 fois
  • Le résultat moyen est 9 sur 10
Answers on the Grid
Answers color-coded by a green-red scale on the quiz's grid according to % correct below.
Bella Swan
Daenerys Targaryen
Dustin Henderson
Hope Mikaelson
Galadriel
Eddie Munson
Harry Potter
Carlos d’Enfer
Erica Sinclair
Edward Cullen
Jaime Lannister
Max Mayfield
Maléfique
Gaston
Robin Buckley
Titeuf
Mickey
Mike Wheeler
Alice Cullen
Donald
Lucas Sinclair
Sansa Stark
Klaus Mikaelson
Will Byers
Belle
Cendrillon
Eleven
Ginny Weasley
Minnie
Steve Harrington
 
Statistiques - réponses
Réponse % Correct
Dustin Henderson
94%
Eddie Munson
91%
Max Mayfield
90%
Mike Wheeler
89%
Steve Harrington
89%
Will Byers
89%
Eleven
88%
Erica Sinclair
88%
Lucas Sinclair
87%
Robin Buckley
86%
Aucun quiz correspondant
Distribution des résultats
% des personnes avec chaque résultat
Percentile par nombre de réponses
Votre historique - résultats
Vous n’avez pas pris ce quiz